Alternate United Kingdom (Think of Ideologies) - Statistics

General Stats
  • This quiz has been taken 24 times
  • The average score is 7 of 10
Answer Stats
Picture Answer % Correct
Communist UK
100%
Fascist UK
100%
Anarchist UK
91%
Socialist UK
91%
Democratic UK
73%
Monarchist UK
73%
Syndicalist UK
68%
Imperial UK
45%
Technocratic UK
32%
Theocratic UK
32%
No matching quizzes found
Score Distribution
Percent of People with Each Score
Percentile by Number Answered
Your Score History
You have not taken this quiz